000 00738nam a22002537a 4500
003 UA-OsUOA
001 29841
007 ta
008 20041028b un ||||| |||| 00| 0 ukr d
100 _aМишуков О. В.
090 _a821(47+571)(091)
_bМ71
942 _cBK
040 _aUA-OsUOA
_brus
_cUA-OsUOA
_dUA-OsUOA
245 _aРусская мемуаристика первой половины ХIХ века: Проблемы жанра и стиля
_bМонография
300 _a324 с.
_bІлюстрації
955 _a0
041 _arus
080 _a821(47+571)(091)
020 _a5-7763-8886-4
260 _aКиев
_bМПП "Сигма"
_c1997
044 _aUA
650 7 _2UDC
999 _c316240
_d316240